00193nam a2200085Ia 4500008004100000100001400041245003700055260000900092300000600101180219s9999 xx 000 0 und d aGupta R P 0aUtilization Of Electrical Energy c2014 a0